000 00215 a2200097 4500
001 18411
100 _aRektorys
245 _aSurvey of applicable maths.
260 _a
_bIliffe book co
_c1969
090 _c13671
_d13671
942 _aNUST-CAE
_cM
_c4082
999 _c253484
_d253484